| 000 | 00410nam a22001217a 4500 | ||
|---|---|---|---|
| 040 | _cRUA | ||
| 082 | _aRUA JOO 2009 C051 Or. | ||
| 100 | _aJOO-HO LEE, | ||
| 245 | _aVeterinary Epidemiology, Diagnosis& Animal Drugs Management For Animal Disease Control (Korea-Cambodia International Cooperation Program), | ||
| 260 |
_aPHNOM PENH _bRUA _c2009 |
||
| 300 |
_a419p. _bill. _c29cm. |
||
| 942 | _cសៀវភៅគោល | ||
| 999 |
_c25506 _d25506 |
||